Vision of Bill Gates/ (Record no. 85052)

MARC details
000 -LEADER
fixed length control field 00678nam a22001937a 4500
005 - DATE AND TIME OF LATEST TRANSACTION
control field 20140825105759.0
010 ## - LCCN (DPL NO)
LC control number B-528973
020 ## - INTERNATIONAL STANDARD BOOK NUMBER
International Standard Book Number 9788188069489
Terms of availability 300.00
035 ## - SYSTEM CONTROL NUMBER
System control number B-528973
037 ## - SOURCE OF ACQUISITION
Stock number dpl
Source of stock number/acquisition Janvani Parkashan/Ven
082 ## - DEWEY DECIMAL CLASSIFICATION NUMBER
Classification number 338.7610053092
100 ## - MAIN ENTRY--PERSONAL NAME
Personal name Ahamad, Saif
245 ## - TITLE STATEMENT
Title Vision of Bill Gates/
Statement of responsibility, etc by Saif Ahamad
260 ## - PUBLICATION, DISTRIBUTION, ETC. (IMPRINT)
Place of publication, distribution, etc Delhi
Name of publisher, distributor, etc Swarjya Mandir Prakashan
Date of publication, distribution, etc 2013
270 ## - ADDRESS
Address Block C-8, H.No.174, Yamuna Vihaar
City Delhi
Postal code 110053
300 ## - PHYSICAL DESCRIPTION
Extent 104p.:
Other physical details ill.
Dimensions 21cm(Hb)
942 ## - ADDED ENTRY ELEMENTS (KOHA)
Source of classification or shelving scheme Dewey Decimal Classification
Item type English Books
Classification part 338.7610053092
Call number suffix AHA
Holdings
Withdrawn status Lost status Not for loan Collection code Home library Current library Date acquired Source of acquisition Cost, normal purchase price Full call number Barcode Copy number Cost, replacement price Koha item type
      Non-fiction Patel Nagar Patel Nagar 12/06/2014 Janvani Prakashan/6177/28.10.2013/30/10.10.2013/2.12.2013 300.00 338.7610053092 AHA B-528973 1 300.00 English Books

© Delhi Public Library
Hit Counter
free hit counter